ALL League of Legends Abilities - Statistics

General Stats
  • This quiz has been taken 23 times
  • The average score is 242 of 868
Answer Stats
Champion Ability Name % Correct
Ahri E Charm
92%
Ahri W Fox-Fire
83%
Amumu Q Bandage Toss
75%
Morgana E Black Shield
75%
Fizz R Chum the Waters
75%
Amumu R Curse of the Sad Mummy
75%
Ivern R Daisy!
75%
Cho'Gath R Feast
75%
Ashe E Hawkshot
75%
Gangplank Q Parrrley
75%
Fizz E1 Playful
75%
Ahri R Spirit Rush
75%
Braum W Stand Behind Me
75%
Annie R Summon: Tibbers
75%
Lucian R The Culling
75%
Aatrox Q The Darkin Blade
75%
Fizz E2 Trickster
75%
Nunu R Absolute Zero
67%
Master Yi Q Alpha Strike
67%
Kled Q Bear Trap on a Rope
67%
Nunu W Biggest Snowball Ever!
67%
Gangplank R Cannon Barrage
67%
Jarvan IV R Cataclysm
67%
Kled R Chaaaaaaaarge!!!
67%
Fiddlesticks R Crowstorm
67%
Lux R Final Spark
67%
Gnar R GNAR!
67%
Caitlyn P Headshot
67%
Kindred R Lamb's Respite
67%
Jax Q Leap Strike
67%
Miss Fortune E Make It Rain
67%
Karma R Mantra
67%
Master Yi W Meditate
67%
Neeko R Pop Blossom
67%
Olaf R Ragnarok
67%
Gangplank W Remove Scurvy
67%
Graves W Smoke Screen
67%
Nasus W Wither
67%
Aatrox R World Ender
67%
Master Yi E Wuju Style
67%
Caitlyn W Yordle Snap Trap
67%
Darius E Apprehend
58%
Nami Q Aqua Prison
58%
Azir W Arise!
58%
Gnar Q (Mini) Boomerang Throw
58%
Gnar Q (Mega) Boulder Toss
58%
Orianna Q Command: Attack
58%
Orianna E Command: Protect
58%
Lee Sin E2 Cripple
58%
Lee Sin R Dragon's Rage
58%
Nautilus Q Dredge Line
58%
Nami W Ebb and Flow
58%
Jinx E Flame Chompers!
58%
Ivern P Friend of the Forest
58%
Nasus R Fury of the Sands
58%
Evelynn Q Hate Spike
58%
Camille E1 Hookshot
58%
Lissandra Q Ice Shard
58%
Aatrox W Infernal Chains
58%
Shaco W Jack in the Box
58%
Draven P League of Draven
58%
Kha'Zix E Leap
58%
Miss Fortune P Love Tap
58%
Bard E Magical Journey
58%
Rell R Magnet Storm
58%
LeBlanc R Mimic
58%
Diana R Moonfall
58%
Darius R Noxian Guillotine
58%
Ahri Q Orb of Deception
58%
Cassiopeia R Petrifying Gaze
58%
Lucian Q Piercing Light
58%
Brand W Pillar of Flame
58%
Alistar Q Pulverize
58%
Elise E (Spider) Rappel
58%
Karthus R Requiem
58%
Fiora W Riposte
58%
Blitzcrank Q Rocket Grab
58%
Maokai E Sapling Toss
58%
Kayn E Shadow Step
58%
LeBlanc Q Sigil of Malice
58%
Draven Q Spinning Axe
58%
Miss Fortune W Strut
58%
Jinx R Super Mega Death Rocket!
58%
Jinx Q Switcheroo!
58%
Amumu E Tantrum
58%
Camille R The Hextech Ultimatum
58%
Nami R Tidal Wave
58%
Kayn R Umbral Trespass
58%
Fizz Q Urchin Strike
58%
Corki W Valkyrie
58%
Ashe W Volley
58%
Karthus W Wall of Pain
58%
Caitlyn E 90 Caliber Net
50%
Caitlyn R Ace in the Hole
50%
Ornn W Bellows Breath
50%
Teemo Q Blinding Dart
50%
Riven Q Broken Wings
50%
Miss Fortune R Bullet Time
50%
Trundle Q Chomp
50%
Elise E (Human) Cocoon
50%
Graves R Collateral Damage
50%
Akshan R Comeuppance
50%
Orianna R Command: Shockwave
50%
Jax E Counter Strike
50%
Milio W Cozy Campfire
50%
Sona R Crescendo
50%
Darius W Crippling Strike
50%
Jhin R Curtain Call
50%
Kindred Q Dance of Arrows
50%
Darius Q Decimate
50%
Jarvan IV E Demacian Standard
50%
Nautilus R Depth Charge
50%
LeBlanc W Distortion
50%
Gragas R Explosive Cask
50%
Cho'Gath W Feral Scream
50%
Akali Q Five Point Strike
50%
K'Sante E Footwork
50%
Braum R Glacial Fissure
50%
Lulu Q Glitterlance
50%
Dr. Mundo P Goes Where He Pleases
50%
Elise R (Spider) Human Form
50%
Annie W Incinerate
50%
Singed R Insanity Potion
50%
Yasuo R Last Breath
50%
Lux Q Light Binding
50%
Annie E Molten Shield
50%
Aphelios R Moonlight Vigil
50%
Ezreal Q Mystic Shot
50%
Malzahar R Nether Grasp
50%
Hecarim R Onslaught of Shadows
50%
Nocturne R Paranoia
50%
Corki Q Phosphorus Bomb
50%
Twisted Fate W Pick a Card
50%
Trundle E Pillar of Ice
50%
Caitlyn Q Piltover Peacemaker
50%
Singed Q Poison Trail
50%
Gangplank E Powder Keg
50%
Blitzcrank E Power Fist
50%
Anivia P Rebirth
50%
Lucian E Relentless Pursuit
50%
Nautilus E Riptide
50%
Akali E Shuriken Flip
50%
Nasus Q Siphoning Strike
50%
Elise R (Human) Spider Form
50%
Draven E Stand Aside
50%
Shen R Stand United
50%
Leona P Sunlight
50%
Lee Sin E1 Tempest
50%
Thresh R The Box
50%
Rumble R The Equalizer
50%
Tahm Kench Q Tongue Lash
50%
Gangplank P Trial by Fire
50%
Ezreal R Trueshot Barrage
50%
Cassiopeia E Twin Fang
50%
Braum E Unbreakable
50%
Tryndamere R Undying Rage
50%
Malphite R Unstoppable Force
50%
Kha'Zix R Void Assault
50%
Draven R Whirling Death
50%
Soraka R Wish
50%
Ezreal E Arcane Shift
42%
Akshan Q Avengerang
42%
Shaco P Backstab
42%
Xayah E Bladecaller
42%
Draven W Blood Rush
42%
Sivir Q Boomerang Blade
42%
Maokai Q Bramble Smash
42%
Ivern W Brushmaker
42%
Ornn R Call of the Forge God
42%
Bard W Caretaker's Shrine
42%
Kog'Maw Q Caustic Spittle
42%
Ekko R Chronobreak
42%
Bard Q Cosmic Binding
42%
Taric R Cosmic Radiance
42%
Garen W Courage
42%
Diana Q Crescent Strike
42%
Renekton Q Cull the Meek
42%
Jhin Q Dancing Grenade
42%
Morgana Q Dark Binding
42%
Jhin W Deadly Flourish
42%
Aatrox P Deathbringer Stance
42%
Karthus P Death Defied
42%
Katarina R Death Lotus
42%
Twisted Fate R Destiny
42%
Tahm Kench R1 Devour
42%
Renekton E2 Dice
42%
Shyvana R Dragon's Descent
42%
Jax W Empower
42%
Ashe R Enchanted Crystal Arrow
42%
Seraphine R Encore
42%
Bel'Veth R Endless Banquet
42%
Graves Q End of the Line
42%
Ahri P Essence Theft
42%
Yone R Fate Sealed
42%
Vayne R Final Hour
42%
Anivia Q Flash Frost
42%
Thresh E Flay
42%
Singed E Fling
42%
Sejuani P Fury of the North
42%
Jinx P Get Excited!
42%
Shaco R Hallucinate
42%
Renata Glasc Q Handshake
42%
Gragas P Happy Hour
42%
Sett W Haymaker
42%
Alistar W Headbutt
42%
Lulu E Help, Pix!
42%
Darius P Hemorrhage
42%
Kai'Sa Q Icathian Rain
42%
Nidalee Q (Human) Javelin Toss
42%
Kled E Jousting
42%
Kai'Sa R Killer Instinct
42%
Sylas W Kingslayer
42%
Illaoi R Leap of Faith
42%
Kog'Maw R Living Artillery
42%
Singed W Mega Adhesive
42%
Cassiopeia W Miasma
42%
Janna R Monsoon
42%
Swain E Nevermove
42%
Teemo R Noxious Trap
42%
Sivir R On the Hunt
42%
Nidalee W (Cougar) Pounce
42%
Hecarim Q Rampage
42%
Ashe Q Ranger's Focus
42%
Tristana Q Rapid Fire
42%
Fiddlesticks E Reap
42%
Kalista E Rend
42%
Zilean W Rewind
42%
Cho'Gath Q Rupture
42%
Syndra E Scatter the Weak
42%
Talon R Shadow Assault
42%
Kled P Skaarl the Cowardly Lizard
42%
Renekton E1 Slice
42%
Leona R Solar Flare
42%
Twitch R Spray and Pray
42%
Trundle R Subjugate
42%
Illaoi Q Tentacle Smash
42%
Zilean Q Time Bomb
42%
Jayce Q (Hammer) To the Skies!
42%
Alistar E Trample
42%
Vayne Q Tumble
42%
Akali W Twilight Shroud
42%
Olaf Q Undertow
42%
Heimerdinger R UPGRADE!!!
42%
Quinn E Vault
42%
Rek'Sai R Void Rush
42%
Kai'Sa W Void Seeker
42%
Kha'Zix W Void Spike
42%
Taliyah R Weaver's Wall
42%
Jhin P Whisper
42%
Yasuo W Wind Wall
42%
Kindred W Wolf's Frenzy
42%
Jayce E (Cannon) Acceleration Gate
33%
K'Sante R All Out
33%
Nilah R Apotheosis
33%
Gragas Q Barrel Roll
33%
Tryndamere Q Bloodlust
33%
Gragas E Body Slam
33%
Rengar E Bola Strike
33%
Aurelion Sol Q Breath of Light
33%
Sylas Q Chain Lash
33%
Zilean R Chronoshift
33%
Orianna P Clockwork Windup
33%
Nunu Q Consume
33%
Anivia W Crystallize
33%
Pyke R Death from Below
33%
Zed R Death Mark
33%
Sion Q Decimating Smash
33%
Renekton R Dominus
33%
Master Yi P Double Strike
33%
Miss Fortune Q Double Up
33%
Zac E Elastic Slingshot
33%
Veigar E Event Horizon
33%
Janna E Eye of the Storm
33%
Sett E Facebreaker
33%
Aurelion Sol R Falling Star
33%
Kalista R Fate's Call
33%
Anivia E Frostbite
33%
Ashe P Frost Shot
33%
Trundle W Frozen Domain
33%
Lissandra R Frozen Tomb
33%
Anivia R Glacial Storm
33%
Fiora R Grand Challenge
33%
Rakan W Grand Entrance
33%
Jax R Grandmaster-At-Arms
33%
Pantheon R Grand Starfall
33%
Vladimir R Hemoplague
33%
Akshan E Heroic Swing
33%
Corki P Hextech Munitions
33%
Master Yi R Highlander
33%
Gnar E (Mini) Hop
33%
Dr. Mundo Q Infected Bonesaw
33%
Karma Q Inner Flame
33%
Evelynn R Last Caress
33%
Lillia R Lilting Lullaby
33%
Diana E Lunar Rush
33%
Malzahar E Malefic Visions
33%
Kindred P Mark of the Kindred
33%
Corki R Missile Barrage
33%
Tryndamere W Mocking Shout
33%
Teemo W Move Quick
33%
Gwen R Needlework
33%
Kassadin W Nether Blade
33%
Talon Q Noxian Diplomacy
33%
Cassiopeia Q Noxious Blast
33%
Kassadin Q Null Sphere
33%
Blitzcrank W Overdrive
33%
Ryze Q Overload
33%
Diana W Pale Cascade
33%
Akali R Perfect Execution
33%
Kalista Q Pierce
33%
Kled Q (Dismounted) Pocket Pistol
33%
Rammus Q Powerball
33%
Nidalee P Prowl
33%
Brand R Pyroclasm
33%
Annie P Pyromania
33%
Talon W Rake
33%
Zed Q Razor Shuriken
33%
Lee Sin Q2 Resonating Strike
33%
Kassadin R Riftwalk
33%
Ezreal P Rising Spell Force
33%
Xerath R Rite of the Arcane
33%
Tristana W Rocket Jump
33%
Ivern Q Rootcaller
33%
Lee Sin W1 Safeguard
33%
Fizz W Seastone Trident
33%
Kai'Sa P Second Skin
33%
Malphite Q Seismic Shard
33%
Leona Q Shield of Daybreak
33%
Jayce Q (Cannon) Shock Blast
33%
Katarina E Shunpo
33%
Kennen R Slicing Maelstrom
33%
Gwen Q Snip Snip!
33%
Lee Sin Q1 Sonic Wave
33%
Sion W Soul Furnace
33%
Morgana R Soul Shackles
33%
Sivir E Spell Shield
33%
Seraphine P Stage Presence
33%
Qiyana R Supreme Display of Talent
33%
Kha'Zix Q Taste Their Fear
33%
Kayn P The Darkin Scythe
33%
Rakan R The Quickness
33%
Sett R The Show Stopper
33%
Aurelion Sol R (Empowered) The Skies Descend
33%
Ivern E Triggerseed
33%
Shaco E Two-Shiv Poison
33%
Aatrox E Umbral Dash
33%
Alistar R Unbreakable Will
33%
Syndra R Unleashed Power
33%
Swain W Vision of Empire
33%
Camille E2 Wall Dive
33%
Naafiri P We Are More
33%
Lulu W Whimsy
33%
Xin Zhao W Wind Becomes Lightning
33%
Janna W Zephyr
33%
Fiddlesticks P A Harmless Scarecrow
25%
Twitch Q Ambush
25%
Ryze P Arcane Mastery
25%
Sejuani Q Arctic Assault
25%
Lucian W Ardent Blaze
25%
Nidalee R Aspect of the Cougar
25%
Akali P Assassin's Mark
25%
Renata Glasc W Bailout
25%
Rakan E Battle Dance
25%
Kayn W Blade's Reach
25%
Irelia Q Bladesurge
25%
Pyke Q Bone Skewer
25%
Katarina Q Bouncing Blade
25%
Ziggs Q Bouncing Bomb
25%
Milio R Breath of Life
25%
Rek'Sai W Burrow
25%
Nidalee W (Human) Bushwhack
25%
Tristana R Buster Shot
25%
Nunu P Call of the Freljord
25%
Jhin E Captive Audience
25%
Cho'Gath P Carnivore
25%
Viktor R Chaos Storm
25%
Galio P Colossal Smash
25%
Orianna W Command: Dissonance
25%
Braum P Concussive Blows
25%
Vayne E Condemn
25%
Aurelion Sol P Cosmic Creator
25%
Gnar E (Mega) Crunch
25%
Amumu P Cursed Touch
25%
Wukong R Cyclone
25%
Veigar W Dark Matter
25%
Thresh Q Death Sentence
25%
Shaco Q Deceive
25%
Garen Q Decisive Strike
25%
Karthus E Defile
25%
Garen R Demacian Justice
25%
Swain R1 Demonic Ascension
25%
Amumu W Despair
25%
Gragas W Drunken Rage
25%
Leona W Eclipse
25%
Azir R Emperor's Divide
25%
Soraka E Equinox
25%
Yorick R Eulogy of the Isles
25%
Naafiri E Eviscerate
25%
Urgot R Fear Beyond Death
25%
Rakan P Fey Feathers
25%
Yuumi R Final Chapter
25%
Rumble Q Flamespitter
25%
Irelia E Flawless Duet
25%
Lee Sin P Flurry
25%
Skarner E Fracture
25%
Corki E Gatling Gun
25%
Lissandra E Glacial Path
25%
Sejuani R Glacial Prison
25%
Rakan Q Gleaming Quill
25%
Viego R Heartbreaker
25%
Poppy E Heroic Charge
25%
Heimerdinger P Hextech Affinity
25%
Sylas R Hijack
25%
Renata Glasc R Hostile Takeover
25%
Sona Q Hymn of Valor
25%
Kog'Maw P Icathian Surprise
25%
Warwick R Infinite Duress
25%
Irelia P Ionian Fervor
25%
Lee Sin W2 Iron Will
25%
Rumble P Junkyard Titan
25%
Galio E Justice Punch
25%
Riven W Ki Burst
25%
Zac R Let's Bounce!
25%
Renata Glasc P Leverage
25%
Lucian P Lightslinger
25%
Fiora Q Lunge
25%
Kennen P Mark of the Storm
25%
Kalista P Martial Poise
25%
Ziggs R Mega Inferno Bomb
25%
Maokai R Nature's Grasp
25%
Elise Q (Human) Neurotoxin
25%
Fizz P Nimble Fighter
25%
K'Sante Q Ntofo Strikes
25%
Mordekaiser Q Obliterate
25%
Zoe Q Paddle Star
25%
K'Sante W Path Maker
25%
Sejuani E Permafrost
25%
Aphelios W Phase
25%
Ekko E Phase Dive
25%
Senna Q Piercing Darkness
25%
Lulu P Pix, Faerie Companion
25%
Sona P Power Chord
25%
Camille Q Precision Protocol
25%
Veigar R Primordial Burst
25%
Gnar P Rage Gene
25%
Mordekaiser R Realm of Death
25%
Ryze R Realm Warp
25%
Kayn Q Reaping Slash
25%
Sion E Roar of the Slayer
25%
Maokai P Sap Magic
25%
Brand Q Sear
25%
Azir E Shifting Sands
25%
Azir P Shurima's Legacy
25%
Vayne W Silver Bolts
25%
Aurelion Sol E Singularity
25%
Nilah E Slipstream
25%
Nunu E Snowball Barrage
25%
Morgana P Soul Siphon
25%
Corki W (Empowered) Special Delivery
25%
Elise P Spider Queen
25%
Rammus P Spiked Shell
25%
Tryndamere E Spinning Slash
25%
Twisted Fate E Stacked Deck
25%
Soraka Q Starcall
25%
Kayle E Starfire Spellblade
25%
Blitzcrank R Static Field
25%
Zac Q Stretching Strikes
25%
Kai'Sa E Supercharge
25%
Nidalee E (Cougar) Swipe
25%
Lillia E Swirlseed
25%
Camille W Tactical Sweep
25%
Nidalee Q (Cougar) Takedown
25%
Bard R Tempered Fate
25%
Fiddlesticks Q Terrify
25%
Illaoi E Test of Spirit
25%
Tahm Kench E Thick Skin
25%
Malphite W Thunderclap
25%
Morgana W Tormented Shadow
25%
Shen Q Twilight Assault
25%
Milio Q Ultra Mega Fire Kick
25%
Rek'Sai W (Burrowed) Unburrow
25%
Sion R Unstoppable Onslaught
25%
Riven E Valor
25%
Irelia R Vanguard's Edge
25%
Vi Q Vault Breaker
25%
Twitch W Venom Cask
25%
Kog'Maw E Void Ooze
25%
Malzahar P Void Shift
25%
Kassadin P Void Stone
25%
Bel'Veth Q Void Surge
25%
Gnar W (Mega) Wallop
25%
Lillia W Watch Out! Eep!
25%
Evelynn E Whiplash
25%
Lulu R Wild Growth
25%
Galio Q Winds of War
25%
Braum Q Winter's Bite
25%
Jinx W Zap!
25%
Ekko P Z-Drive Resonance
25%
Leona E Zenith Blade
25%
Sylas E2 Abduct
17%
Bel'Veth W Above and Below
17%
Sylas E1 Abscond
17%
Tahm Kench W Abyssal Dive
17%
Pantheon E Aegis Assault
17%
Evelynn W Allure
17%
Tahm Kench P An Acquired Taste
17%
Xerath Q Arcanopulse
17%
Sona W Aria of Perseverance
17%
Aurelion Sol W Astral Flight
17%
Taric W Bastion
17%
Rengar W Battle Roar
17%
Seraphine E Beat Drop
17%
Quinn R1 Behind Enemy Lines
17%
Olaf P Berserker Rage
17%
Kog'Maw W Bio-Arcane Barrage
17%
Riven R1 Blade of the Exile
17%
Viego Q Blade of the Ruined King
17%
Fiora E Bladework
17%
Brand P Blaze
17%
Quinn Q Blinding Assault
17%
Lillia Q Blooming Blows
17%
Neeko Q Blooming Burst
17%
Dr. Mundo E Blunt Force Trauma
17%
Fiddlesticks W Bountiful Harvest
17%
Malzahar Q Call of the Void
17%
Vi R Cease and Desist
17%
Kayle W Celestial Blessing
17%
Zac P Cell Division
17%
Varus R Chain of Corruption
17%
Xayah P Clean Cuts
17%
Pantheon Q Comet Spear
17%
Brand E Conflagration
17%
Azir Q Conquering Sands
17%
Twitch E Contaminate
17%
Skarner W Crystalline Exoskeleton
17%
Skarner Q Crystal Slash
17%
Skarner P Crystal Spires
17%
Naafiri Q Darkin Daggers
17%
Mordekaiser P Darkness Rise
17%
Thresh W Dark Passage
17%
Syndra Q Dark Sphere
17%
K'Sante P Dauntless Instinct
17%
Senna R Dawning Shadow
17%
Bel'Veth P Death in Lavender
17%
Viktor E Death Ray
17%
Mordekaiser E Death's Grasp
17%
Swain Q Death's Hand
17%
Swain R2 Demonflare
17%
Evelynn P Demon Shade
17%
Hecarim E Devastating Charge
17%
Akshan P Dirty Fighting
17%
Urgot E Disdain
17%
Annie Q Disintegrate
17%
Kayle P Divine Ascent
17%
Kayle R Divine Judgment
17%
Jarvan IV Q Dragon Strike
17%
Tristana P Draw a Bead
17%
Fiora P Duelist's Dance
17%
Rumble E Electro Harpoon
17%
Ezreal W Essence Flux
17%
LeBlanc E Ethereal Chains
17%
Tristana E Explosive Charge
17%
Xayah R Featherstorm
17%
Rell W (Mounted) Ferromancy: Crash Down
17%
Rell W (Dismounted) Ferromancy: Mount Up
17%
Milio P Fired Up!
17%
Shyvana E Flame Breath
17%
Kassadin E Force Pulse
17%
Nilah Q Formless Blade
17%
Pyke W Ghostwater Dive
17%
Viktor P Glorious Evolution
17%
Akshan W Going Rogue
17%
Jarvan IV W Golden Aegis
17%
Malphite P Granite Shield
17%
Malphite E Ground Slam
17%
Teemo P Guerrilla Warfare
17%
Varus E Hail of Arrows
17%
Gwen W Hallowed Mist
17%
Poppy Q Hammer Shock
17%
Illaoi W Harsh Lesson
17%
Galio R Hero's Entrance
17%
Ziggs E Hexplosive Minefield
17%
Naafiri W Hounds' Pursuit
17%
Janna Q Howling Gale
17%
Gnar W (Mini) Hyper
17%
Lissandra P Iceborn Subjugation
17%
Lux P Illumination
17%
Skarner R Impale
17%
Mordekaiser W Indestructible
17%
Samira R Inferno Trigger
17%
Neeko P Inherent Glamour
17%
Karma E Inspire
17%
Nilah P Joy Unending
17%
Nilah W Jubilant Veil
17%
Poppy R Keeper's Verdict
17%
Sett Q Knuckle Down
17%
Senna W Last Embrace
17%
Yorick Q1 Last Rites
17%
Karthus Q Lay Waste
17%
Zeri R Lightning Crash
17%
Kennen E Lightning Rush
17%
Ornn P Living Forge
17%
Renata Glasc E Loyalty Program
17%
Lux E Lucent Singularity
17%
Blitzcrank P Mana Barrier
17%
Jarvan IV P Martial Cadence
17%
Dr. Mundo R Maximum Dosage
17%
LeBlanc P Mirror Image
17%
Pantheon P Mortal Will
17%
Kindred E Mounting Dread
17%
Graves P New Destiny
17%
Vayne P Night Hunter
17%
Wukong E Nimbus Strike
17%
Vex W Personal Space
17%
Pyke E Phantom Undertow
17%
Varus Q Piercing Arrow
17%
Zoe R Portal Jump
17%
Katarina W Preparation
17%
Lux W Prismatic Barrier
17%
Illaoi P Prophet of an Elder God
17%
Yuumi Q Prowling Projectile
17%
Urgot W Purge
17%
Kayle Q Radiant Blast
17%
Olaf E Reckless Swing
17%
Tahm Kench R2 Regurgitate
17%
Jax P Relentless Assault
17%
Sivir W Ricochet
17%
Lissandra W Ring of Frost
17%
Bel'Veth E Royal Maelstrom
17%
Ryze W Rune Prison
17%
Renekton W Ruthless Predator
17%
Vladimir W Sanguine Pool
17%
Ziggs W Satchel Charge
17%
Rumble W Scrap Shield
17%
Ornn E Searing Charge
17%
Taliyah W Seismic Shove
17%
Kalista W Sentinel
17%
Cassiopeia P Serpentine Grace
17%
Shen E Shadow Dash
17%
Neeko W Shapesplitter
17%
Rell Q Shattering Strike
17%
Galio W Shield of Durand
17%
Pantheon W Shield Vault
17%
Viktor Q Siphon Power
17%
Gwen E Skip 'n Slash
17%
Elise W (Spider) Skittering Frenzy
17%
Quinn R2 Skystrike
17%
Zoe E Sleepy Trouble Bubble
17%
Rammus R Soaring Slam
17%
Nasus P Soul Eater
17%
Karma Q (Empowered) Soulflare
17%
Yone E Soul Unbound
17%
Ryze E Spell Flux
17%
Nasus E Spirit Fire
17%
Hecarim W Spirit of Dread
17%
Nautilus P Staggering Blow
17%
Poppy W Steadfast Presence
17%
Nami P Surging Tides
17%
Neeko E Tangle-Barbs
17%
Naafiri R The Call of the Pack
17%
Aphelios P The Hitman and the Seer
17%
Gwen P Thousand Cuts
17%
Taliyah Q Threaded Volley
17%
Rengar R Thrill of the Hunt
17%
Kennen Q Thundering Shuriken
17%
Nami E Tidecaller's Blessing
17%
Vladimir E Tides of Blood
17%
Zilean P Time in a Bottle
17%
Ekko Q Timewinder
17%
Nautilus W Titan's Wrath
17%
Olaf W Tough It Out
17%
Teemo E Toxic Shot
17%
Jayce R (Hammer) Transform Mercury Cannon
17%
Jayce R (Cannon) Transform Mercury Hammer
17%
Bard P Traveler's Call
17%
Alistar P Triumphant Roar
17%
Rek'Sai E (Burrowed) Tunnel
17%
Shyvana Q Twin Bite
17%
Nocturne P Umbra Blades
17%
Rengar P Unseen Predator
17%
Kha'Zix P Unseen Threat
17%
Kled W Violent Tendencies
17%
Malzahar W Void Swarm
17%
Ornn Q Volcanic Rupture
17%
Katarina P Voracity
17%
Cho'Gath E Vorpal Spikes
17%
Milio E Warm Hugs
17%
Hecarim P Warpath
17%
Twisted Fate Q Wild Cards
17%
Udyr Q Wilding Claw
17%
Riven R2 Wind Slash
17%
Yuumi W You and Me!
17%
Senna P Absolution
8%
Camille P Adaptive Defenses
8%
Talon E Assassin's Path
8%
Soraka W Astral Infusion
8%
Xin Zhao E Audacious Charge
8%
Qiyana E Audacity
8%
Veigar Q Baleful Strike
8%
Aphelios Q (Gravitum) Binding Eclipse
8%
Talon P Blade's End
8%
Samira W Blade Whirl
8%
Varus W Blighted Quiver
8%
Taric P Bravado
8%
Rell P Break the Mold
8%
Shyvana W Burnout
8%
Zed P Contempt for the Weak
8%
Xin Zhao R Crescent Guard
8%
Wukong Q Crushing Blow
8%
Senna E Curse of the Black Mist
8%
Thresh P Damnation
8%
Samira P Daredevil Impulse
8%
Taric E Dazzle
8%
Xayah W Deadly Plumage
8%
Twitch P Deadly Venom
8%
Rammus W Defensive Ball Curl
8%
Irelia W Defiant Dance
8%
Vi W Denting Blows
8%
Vex P Doom 'n Gloom
8%
Xayah Q Double Daggers
8%
Lillia P Dream-Laden Bough
8%
Nocturne Q Duskbringer
8%
Urgot P Echoing Flames
8%
Qiyana Q Edge of Ixtal
8%
Qiyana Q (Empowered) Elemental Wrath
8%
Warwick P Eternal Hunger
8%
Samira Q Flair
8%
Sivir P Fleet of Foot
8%
Syndra W Force of Will
8%
Rammus E Frenzying Taunt
8%
Rell E Full Tilt
8%
Rek'Sai E Furious Bite
8%
Shyvana P Fury of the Dragonborn
8%
Rek'Sai P Fury of the Xer'Sai
8%
Zyra P Garden of Thorns
8%
Pyke P Gift of the Drowned Ones
8%
Sion P Glory in Death
8%
Viktor W Gravity Field
8%
Heimerdinger Q H-28G Evolution Turret
8%
Dr. Mundo W Heart Zapper
8%
Quinn W Heightened Senses
8%
Heimerdinger W Hextech Micro-Rockets
8%
Heimerdinger W (Empowered) Hextech Rocket Swarm
8%
Jayce W (Cannon) Hyper Charge
8%
Poppy P Iron Ambassador
8%
Udyr W Iron Mantle
8%
Warwick Q Jaws of the Beast
8%
Garen E Judgment
8%
Shen P Ki Barrier
8%
Trundle P King's Tribute
8%
Vel'Koz R Life Form Disintegration Ray
8%
Zeri P Living Battery
8%
Zed W Living Shadow
8%
Twisted Fate P Loaded Dice
8%
Diana P Moonsilver Blade
8%
Singed P Noxious Slipstream
8%
Ekko W Parallel Convergence
8%
Garen P Perseverance
8%
Sylas P Petricite Burst
8%
Veigar P Phenomenal Evil Power
8%
Sett P Pit Grit
8%
Rek'Sai Q (Burrowed) Prey Seeker
8%
Rek'Sai Q Queen's Wrath
8%
Graves E Quickdraw
8%
Zyra W Rampant Growth
8%
Swain P Ravenous Flock
8%
Renekton P Reign of Anger
8%
Taliyah P Rock Surfing
8%
Qiyana P Royal Privilege
8%
Riven P Runic Blade
8%
Rengar Q Savagery
8%
Zed E Shadow Slash
8%
Vex R Shadow Surge
8%
Xerath E Shocking Orb
8%
Nocturne W Shroud of Darkness
8%
Sona E Song of Celerity
8%
Viego P Sovereign's Domination
8%
Viego W Spectral Maw
8%
Taric Q Starlight's Touch
8%
Yasuo Q Steel Tempest
8%
Wukong P Stone Skin
8%
Volibear R Stormbringer
8%
Zyra R Stranglethorns
8%
Seraphine W Surround Sound
8%
Yasuo E Sweeping Blade
8%
Vel'Koz E Tectonic Disruption
8%
Qiyana W Terrashape
8%
Jayce E (Hammer) Thundering Blow
8%
Volibear Q Thundering Smash
8%
Zilean E Time Warp
8%
Syndra P Transcendent
8%
Vladimir Q Transfusion
8%
Maokai W Twisted Advance
8%
Taliyah E Unraveled Earth
8%
Nocturne E Unspeakable Horror
8%
Zac W Unstable Matter
8%
Wukong W Warrior Trickster
8%
Yasuo P Way of the Wanderer
8%
Samira E Wild Rush
8%
Yuumi E Zoomies
8%
Yorick Q2 Awakening
0%
Tryndamere P Battle Fury
0%
Vi P Blast Shield
0%
Udyr E Blazing Stampede
0%
Warwick W Blood Hunt
0%
Udyr P Bridge Between
0%
Zeri Q Burst Fire
0%
Heimerdinger E CH-2 Electron Storm Grenade
0%
Heimerdinger E (Empowered) CH-3X Lightning Grenade
0%
Urgot Q Corrosive Charge
0%
Vladimir P Crimson Pact
0%
Yorick W Dark Procession
0%
Zyra Q Deadly Spines
0%
Sion (Reanimated) Death Surge
0%
Karma E (Empowered) Defiance
0%
Xin Zhao P Determination
0%
Kennen W Electrical Surge
0%
Kha'Zix R (Evolved) Evolved Adaptive Cloaking
0%
Kha'Zix Q (Evolved) Evolved Reaper Claws
0%
Kha'Zix W (Evolved) Evolved Spike Racks
0%
Kha'Zix E (Evolved) Evolved Wings
0%
Xerath W Eye of Destruction
0%
Yuumi P Feline Friendship
0%
Karma W Focused Resolve
0%
Volibear W Frenzied Maul
0%
Karma P Gathering Fire
0%
Zyra E Grasping Roots
0%
Heimerdinger Q (Empowered) H-28Q Apex Turret
0%
Quinn P Harrier
0%
Viego E Harrowed Path
0%
Jayce P Hextech Capacitor
0%
Seraphine Q High Note
0%
Jayce W (Hammer) Lightning Field
0%
Varus P Living Vengeance
0%
Vex E Looming Darkness
0%
Xerath P Mana Surge
0%
Vex Q Mistral Bolt
0%
Zoe P More Sparkles!
0%
Yone Q Mortal Steel
0%
Yorick E Mourning Mist
0%
Vel'Koz P Organic Deconstruction
0%
Vel'Koz Q Plasma Fission
0%
Aphelios Q (Infernum) Precision Duskwave
0%
Aphelios Q (Severum) Precision Onslaught
0%
Aphelios Q (Crescendum) Precision Sentry
0%
Warwick E Primal Howl
0%
Nidalee E (Human) Primal Surge
0%
Vi E Relentless Force
0%
Karma W (Empowered) Renewal
0%
Aphelios Q (Calibrum) Resurgent Moonshot
0%
Soraka P Salvation
0%
Yorick P Shepherd of Souls
0%
Ziggs P Short Fuse
0%
Volibear E Sky Splitter
0%
Zeri E Spark Surge
0%
Zoe W Spell Thief
0%
Yone W Spirit Cleave
0%
Shen W Spirit's Refuge
0%
Janna P Tailwind
0%
Volibear P The Relentless Storm
0%
Xin Zhao Q Three Talon Strike
0%
Zeri W Ultrashock Laser
0%
Elise Q (Spider) Venomous Bite
0%
Vel'Koz W Void Rift
0%
Elise W (Human) Volatile Spiderling
0%
Yone P Way of the Hunter
0%
Udyr R Wingborne Storm
0%
Sejuani W Winter's Wrath
0%
No matching quizzes found
Score Distribution
Percent of People with Each Score
Percentile by Number Answered
Your Score History
You have not taken this quiz